| 000 | 06948nam a22006017a 4500 | ||
|---|---|---|---|
| 005 | 20090216124037.0 | ||
| 008 | 090216t xxu||||| |||| 00| 0 eng d | ||
| 010 | _aB-346599-627 | ||
| 020 |
_a9788181930309 _c199.00 |
||
| 020 |
_a8181930304 _c199.00 |
||
| 035 | _aB-346599-627 | ||
| 037 | _bByword Books | ||
| 040 |
_adpl _bEnglish |
||
| 082 | _a618.2 | ||
| 245 |
_aPregnancy : _byour questions answered / _cedited by B.Shakuntala Baliga |
||
| 260 |
_aDelhi _bByword Books _c2008(repr.) |
||
| 270 |
_aVirat Bhavan Mukherjee Nagar Commercial Comlex _bDelhi _e110009 _mbywordbooks.in |
||
| 300 |
_axvi, 192p. _c22cm.(pbk) |
||
| 490 | _aDoctor NDTV book series | ||
| 700 | _aBaliga, B. Shakuntala | ||
| 942 |
_2ddc _cEN _mPRE _h618.2 |
||
| 999 |
_c23831 _d23831 |
||